Statystyki dla Najpopularniejsi Polacy w historii.

Kliknij tutaj aby rozwiązać quiz!

Ogólne statystyki

  • Ten quiz został rozwiązany 722 razy
  • Średni wynik to 8 z 18

Statystyki odpowiedzi

PodpowiedźOdpowiedź% Poprawnych
SportRobert Lewandowski
98%
ReligiaJan Paweł 2
92%
Historia/astronomiaMikołaj Kopernik
83%
Historia/muzykaFryderyk Chopin
67%
HistoriaLech Wałęsa
67%
Historia
Józef Piłsudski
57%
SportAdam Małysz
52%
PolitykaLech Kaczyński
51%
SportIga Świątek
47%
HistoriaMaria Skłodowska
45%
SportKamil Stoch
44%
SportWojciech Szczęsny
27%
HistoriaTadeusz Kościuszko
26%
HistoriaAdam Mickiewicz
25%
HistoriaBolesław Chrobry
22%
SportJakub Błaszczykowski
18%
HistoriaJan Matejko
9%
HistoriaCzesław Miłosz
3%

Rozkład punktacji

Percentyl według liczby udzielonych odpowiedzi

Procent ludzi z każdym wynikiem

Twoja historia wyników

Nie rozwiązałeś tego quizu